Piłkarska kariera Arjena Robbena. - Statystyki

Ogólne statystyki
  • Ten quiz został rozwiązany 136 razy
  • Średni wynik to 5 z 6
Statystyki odpowiedzi
Lata Drużyna % Poprawnych
2009-2019 Bayern
100%
2007-2009 Real Madryt
85%
2004-2007 Chelsea
72%
2002-2004 PSV
66%
2001-2002 Groningen
65%
2020-teraz Groningen
65%
Nie znaleziono quizów pasujących do podanych kryteriów
Rozkład punktacji
Procent ludzi z każdym wynikiem
Percentyl według liczby udzielonych odpowiedzi
Twoja historia wyników
Nie rozwiązałeś tego quizu